MDQL
is popping MORE tags! Check the
thread
!
Quizzes
Events
Quiz Creation
Community
Videos
Private Events
Remove Ads
Sign In
Join for FREE
Feedback
Dark Mode
Quiz Categories
Sports
Geography
Music
Movies
Television
Just For Fun
Miscellaneous
History
Literature
Language
Science
Gaming
Entertainment
Religion
Holiday
For Kids
Quiz Lab
Recent
Popular Today
Quiz Kudos Today
Editor Picks
Curator Picks
Quizzes by...
Day
Popularity
Type
Ratings
Length
Year
Community
Subscriptions
Recent Discussions
Orange Saloon
Badges
Playlists
Quests
Create
Leaderboards
Showdown
Live 5
Trivia Bingo
Activity
Puzzle Library
Sporcle Events
Private Events
Virtual Trivia
Globe League
Become a Host
Pub Owners
SporcleCon
Opinionation
Our Games
Videos
Blog
Mobile Apps
Partnerships
Remove Ads and Go Orange
Feedback
Sports
Athletes
MLB
NBA
NHL
NFL
Soccer
Sports Teams
WWE
NCAA
Football
Premier League
Basketball
Baseball
Hockey
Golf
Tennis
Cricket
Rugby
Auto Racing
Olympics
World Cup
Sports
Athletes
MLB
NBA
NHL
NFL
Soccer
Sports Teams
WWE
NCAA
Football
Premier League
Basketball
Baseball
Hockey
Golf
Tennis
Cricket
Rugby
Auto Racing
Olympics
World Cup
Random Quiz
Search Sporcle
×
Quiz Lab
Quiz Lab
Sports
Europe
Type in answers that appear in a list
Type in answers that appear in a list
Classic
Best Score? Go Orange.
Liverpool European Cup Winners Stats
Can you name the Liverpool European Cup Winning Players?
By
Raftor
13m
62 Questions
280 Plays
280 Plays
280 Plays
Comments
Comments
Give Quiz Kudos
Give Quiz Kudos
-
- Ratings
hide this ad
Replay
Link that replays current quiz
Next Quiz
Link to next quiz in quiz playlist
You Got
0%
They Got
Avg Score
67%
Avg Friend Score
Upgrade to see
Score Distribution
Jump to the score distribution portion of the page
Score
0/62
Timer
13:00
0
Plays Today
% Correct
Steven Gerrard
90.7%
Kenny Dalglish
84.3%
Kenny Dalglish
84.3%
Kenny Dalglish
84.3%
Ray Clemence
83.2%
Ray Clemence
83.2%
Ray Clemence
83.2%
Jamie Carragher
83.2%
Phil Neal
80.4%
Phil Neal
80.4%
Alan Hansen
80.4%
Phil Neal
80.4%
Alan Hansen
80.4%
Phil Neal
80.4%
Alan Hansen
80.4%
Kevin Keegan
79.6%
Jerzy Dudek
79.3%
Ian Rush
78.2%
Bruce Grobbelaar
77.1%
Xabi Alonso
75.7%
Sami Hyypia
75.4%
Graeme Souness
72.9%
Graeme Souness
72.9%
Graeme Souness
72.9%
Milan Baros
72.9%
Harry Kewell
71.8%
Emlyn Hughes
70.7%
Emlyn Hughes
70.7%
Tommy Smith
70.4%
Steve Finnan
70.4%
Phil Thompson
70%
% Correct
Phil Thompson
70%
Alan Kennedy
69.3%
Alan Kennedy
69.3%
Ray Kennedy
68.6%
Ray Kennedy
68.6%
Ray Kennedy
68.6%
Djibril Cisse
66.4%
Luis Garcia
65.7%
John Arne Riise
65%
Dietmar Hamann
64.6%
Mark Lawrenson
63.9%
Djimi Traore
63.2%
Terry McDermott
62.1%
Terry McDermott
62.1%
Terry McDermott
62.1%
Steve Heighway
60%
Steve Heighway
60%
Jimmy Case
57.5%
Jimmy Case
57.5%
Jimmy Case
57.5%
Ian Callaghan
56.8%
David Fairclough
55.7%
Sammy Lee
55.4%
Sammy Lee
55.4%
Ronnie Whelan
52.1%
David Johnson
49.3%
Steve Nicol
48.6%
Joey Jones
47.5%
Craig Johnston
45.4%
Michael Robinson
27.5%
Vladimír Smicer
3.6%
Quiz Playlist
Details
Report
Send in Message
Add To Playlist
Classic:
Type in answers that appear in a list
Last Updated: Feb 16, 2017
Quiz Scoreboard
CHALLENGE
Sign Up to Join the Scoreboard
Show All
Scores
Hide
Comments
May contain spoilers
Recently Published
Street Fighter Characters
by Artimus82
Gaming
60s
9x9 Crossword: Cartoon Network
by jackfrog10
Miscellaneous
3m
College Basketball Coaching Resumes
by pancakes188
Sports
9m
More to Explore
Quiz From the Vault
Featured Blog Post
Where Did the Easter Bunny Come From?
hide this ad
You Might Also Like...
Tags
Europe Quiz
cup
Cup Winner
Liverpool
Player
Winner
Winning
Today's Top Quizzes in Sports
Browse Sports
hide this ad
Today's Top Quizzes in Europe
Browse Europe
Top Contributed Quizzes in Sports
1
2022 World Cup Stars
2
Les meilleurs buteurs des matchs entre le PSG et l’OM
3
FIFA Club World Cup Champions
4
Les entraîneurs de l'OM et du PSG au 21e siècle
5
Criteria MLB: Left Handed Sluggers
6
2023 MLB Unique Player Accomplishments
7
AFC Teams Reveal (Wrong Answers Minefield)
8
Players with Multiple 50 Home Run Seasons
9
5-to-1: FBS Animal Nicknames
10
5-to-1: UK Sports Teams
Explore More
Trending Topics
NBA
Harry Potter
Anime
Marvel
Disney
Crossword
Kpop
Song
NFL
WWE
The Office
Country
Pokémon
Puzzle
Soccer
hide this ad
More By:
Raftor
Quiz
Plays
Rating
Category
Featured
Created
Liverpool European Cup Winners
280
Sports
Dec 3, 2009
Go to Creator's Profile
Score Distribution
Quiz Creator Spotlight
Raftor
Follow
Send a Message
Quizzes Created
-
Created Quiz Play Count
-
More By This Creator
Popular Quizzes Today
1
Find the US States - No Outlines Minefield
2
Find the Countries of Europe - No Outlines Minefield
3
The Countries of the World
4
Find the US States
5
Risky Map Clicking: Biggest States A-Z
6
US States
7
Popular People in 1961
8
Movies - When Are They Set?
More Sports Quizzes
10 to 1 Olympics
Editor's Pick
Trending Quizzes
Risky Map Clicking: Least Populous States A-Z
1-10 Letter G Words
Risky Map Clicking: Next State Alphabetically
Adjectives in 80s TV Shows
The Seven Year Switch: Catherine
Recently Updated
Leaping Animals
pecheneg
Reality TV Shows (A-Z)
bhenderson79
Rickey Henderson's Hall of Fame Teammates
pecheneg
Champions League XIs: Arsenal
pecheneg
Quick Pick: Celebrities in WWE's Hall of Fame
aduchscher
A-Z Keypad Blitz II
pecheneg
Multiple Oscar Actors
pecheneg
Mystery Phrase Blitz: Oscar 'Best Actors'
pecheneg
F. Scott Fitzgerald Novels
LTH
Pick 3 Villains
ddd62291
Trending Topics
Disney
Marvel
Crossword
Harry Potter
Kpop
Anime
NBA
Song
WWE
The Office
Puzzle
NFL
Pokémon
Soccer
Country
Your Account Isn't Verified!
In order to create a playlist on Sporcle, you need to verify the email address you used during registration. Go to your
Sporcle Settings
to finish the process.
Report this User
Report this user for behavior that violates our
Community Guidelines
.
Details:
Send Report
Go to the Sporcle.com Mobile Site →
Comments